000 00756nas a2200229 454500
001 16298
005 20260407193505.0
008 260407s1980####ag###########|||spa#d
003 AR-UNSa-BCEJYS
040 _aAR-UNSa-BCEJYS
_bspa
_cAR-UNSa-BCEJYS
080 _a34
_xDerecho
245 1 0 _aRevista de la Universidad de Buenos Aires
264 1 _aBuenos Aires :
_bUniversidad de Buenos Aires
_c1980
310 _aColección Cerrada
942 _cSER
590 _aniveau_biblio:s niveau_hierar:1
100 1 _aLuqui, Juan Carlos
650 _aDerecho constitucional
650 _aDerecho
650 _aDerecho laboral
856 4 1 _uhttps://biblioeco.unsa.edu.ar/pmb/images/revistas/Revista de la Universidad de Buenos Aires.jpg
_yImagen de portada
_qimage/jpeg
999 _c8491
_d8491